| 000 | 01596nam a2200325 c 4500 | ||
|---|---|---|---|
| 999 |
_c15339 _d15339 |
||
| 003 | BLK | ||
| 005 | 20210526110002.0 | ||
| 008 | 180413b bul|||||r ||||||| ||bul|| | ||
| 010 | _aKNG00017115000 | ||
| 040 | _aBLK | ||
| 041 |
_aBUL _cBUL |
||
| 080 |
_aПисма. Размножаване. Машинопис. Преводи. Стенография _b003.27 _x(072) _z003.27(072) |
||
| 100 | 1 |
_aЖелезаров, Ангел Георгиев _eпърви автор _9248404 |
|
| 139 |
_aЖелезаров, Ангел Георгиев _bЖ 34 |
||
| 245 | 1 | 0 |
_aУчебни задачи по бързопис _cАнгел Георгиев Железаров. |
| 257 | _aBGR | ||
| 260 |
_bЦИУУ _c1995 |
||
| 300 |
_a96 с. _bс табл. _c20 см |
||
| 380 | _a0 | ||
| 500 | _aИзд. на СУ Св. Климент Охридски. ЦИУУ. - 1 000 тир. | ||
| 650 | 4 |
_aМашинопис - методика на преподаването - в средните училища _9246145 |
|
| 650 | 4 |
_aСтенография - методика на преподаването - в средните училища _9246144 |
|
| 650 | 4 |
_aТърговска кореспонденция - методика на преподаването - в средните училища _9260150 |
|
| 653 | _aзадачи | ||
| 852 | _aЦб 192581 | ||
| 856 | 4 |
_qpdf _u |
|
| 856 | 4 |
_qpdf _u |
|
| 942 |
_cKNG _n0 _s1 _01 |
||
| 944 |
_aCR _c15.01.2003 _kAB_DOS |
||
| 944 |
_aED _c09.02.2018 _kТеодора_Стоянова |
||
| 999 | _d15339 | ||
| 999 | _d15339 | ||